• 首页
  • 本馆介绍
  • 公告通知
  • 最新文献
  • 馆藏检索
  • 电子资源
  • 读者导购
  • 参考咨询
  • 我的图书馆
  • 登录
  • 详细信息显示
  • 放入我的书架
  • 预约/预借图书
  • 作者相关作品
  • 分类相关作品
  • 丛书相关作品
  • 出版社相关作品

书目信息

  • 表格格式
  • 工作单格式
  • 卡片格式
题名:
管理心理学
    
 
作者: 刘英陶 主编
分册:  
出版信息: 北京   警官教育出版社  1994
页数: 417页
开本: 20cm
丛书名:
单 册:
中图分类: B849
科图分类: 29.154038
主题词: 管理心理学 , 应用心理学
电子资源:
ISBN: 7-81027-523-2
000 00694nam0 2200253 45
001 1535628931
005 20150125095422.76
010    @a7-81027-523-2@dCNY9.90
100    @a19950523d1994 em y0chiy0121 ea
101 0  @achi
102    @aCN@b110000
105    @ay z 000yy
200 10 @a管理心理学@AGUAN LI XIN LI XUE@f刘英陶等主编@FLIU YING TAO DENG ZHU BIAN
210    @a北京@c警官教育出版社@d1994
215    @a417页@d20cm
300    @a封面主编题:刘英涛
314    @a刘英陶,从事管理心理学研究
606    @a管理心理学
606 0  @a应用心理学
690    @aB849@v4
692    @a29.154038
701  0 @a刘英陶@ALIU YING TAO@4主编
801  0 @aCN@bTSSF@c20150125
905    @aZUCC@dB849@eJY13
    
    管理心理学/刘英陶等主编.-北京:警官教育出版社,1994
    417页;20cm
    封面主编题:刘英涛
    
    ISBN 7-81027-523-2:CNY9.90
    
●
相关链接 在E读中查询图书 在五车中查询图书 在当当中查询图书 在豆瓣中查询图书


正题名:管理心理学     索取号:B849/JY13         预约/预借

序号 登录号 条形码 馆藏地/架位号 状态 备注
1 7859075   278590758   学院路分馆/ [索取号:B849/JY13] 在馆    
唐山师范学院图书馆 欢迎您!
大连网信软件有限公司© 版权所有